000 nam a22 7a 4500
999 _c10722
_d10722
008 180222b ||||| |||| 00| 0 eng d
100 _aOswall, Books
_96579
245 _aQuestion Papers -IX
260 _aAgra
_bOswell Books
_c2015